000 01682cam a2200373 i 4500
001 14420960
003 EG-ScBUE
005 20241009103412.0
008 060620t2007 njua f b 001 0 eng d
020 _a9780471651413
020 _a0471651419
020 _a9780471651413
035 _a(OCoLC)ocm70176948
035 _a(OCoLC)70176948
040 _aDLC
_beng
_erda
_cDLC
_dYDX
_dBAKER
_dBTCTA
_dYDXCP
_dDLC
_dEG-ScBUE
082 0 4 _a515.35
_222
_bBRA
100 1 _aBrannan, James R.,
_eauthor.
_95121
245 1 0 _aDifferential equations :
_ban introduction to modern methods and applications /
_cJames R. Brannan, Clemson University, William E. Boyce, Rensselaer Polytechnic Institute.
264 1 _aHoboken, NJ :
_bJohn Wiley & Sons, Inc.,
_c[2007]
264 4 _cc2007
300 _axxi, 682 pages :
_billustrations ;
_c26 cm
336 _2rdacontent
_atext
_btxt
337 _aunmediated
_2rdamedia
_bn
338 _avolume
_bnc
_2rdacarrier
504 _aIncludes bibliographical references and index.
650 7 _aDifferential equations.
_2BUEsh
_95122
655 _92216
_aDifferential Equations- year 1.
_vReading book
_xEngineering
_ySemester 2. 2008/2009
700 1 _aBoyce, William E.,
_eauthor.
_95123
856 4 2 _3Contributor biographical information
_uhttp://www.loc.gov/catdir/enhancements/fy0740/2006048264-b.html
856 4 2 _3Publisher description
_uhttp://www.loc.gov/catdir/enhancements/fy0740/2006048264-d.html
856 4 1 _3Table of contents only
_uhttp://www.loc.gov/catdir/enhancements/fy0740/2006048264-t.html
942 _2ddc
_cBB
999 _c11080
_d11080